Logistika /

Na minha lista:
Detalhes bibliográficos
Autor principal: Dupaľ, Andrej (Author)
Formato: Livro
Idioma:eslovaco
Publicado em: Bratislava Sprint 2 2018
Edição:1. vyd.
Colecção:Economics
Assuntos:
Tags: Adicionar Tag
Sem tags, seja o primeiro a adicionar uma tag!

MARC

LEADER 00000nam a22000003a 4500
001 0078381
003 SK-STU
005 20200122150952.9
007 ta
008 191211s ----xo-----e------000-0-----d
020 |a 978-80-89710-44-7 
040 |a STU  |b slo 
041 0 |a slo 
044 |a xo 
100 1 |a Dupaľ, Andrej  |4 aut 
245 1 0 |a Logistika /  |c aut. Andrej Dupaľ 
250 |a 1. vyd. 
260 |a Bratislava  |b Sprint 2  |c 2018 
300 |a 287 s. 
490 0 |a Economics 
650 0 7 |a podniková logistika 
996 |b 284M088256  |c M* 14265-1  |l MMST  |s A  |a 24  |w 0078381_0001 
996 |b 284M088317  |c M* 14265-2  |l MMKN  |s A  |a 24  |w 0078381_0002